MARC details
| 000 -CABECERA |
| campo de control de longitud fija |
01517nam a2200325 a 4500 |
| 003 - IDENTIFICADOR DEL NÚMERO DE CONTROL |
| campo de control |
Mxchpua |
| 005 - FECHA Y HORA DE LA ÚLTIMA TRANSACCIÓN |
| campo de control |
20250805124140.0 |
| 007 - CAMPO FIJO DE DESCRIPCIÓN FÍSICA--INFORMACIÓN GENERAL |
| campo de control de longitud fija |
ta |
| 008 - DATOS DE LONGITUD FIJA--INFORMACIÓN GENERAL |
| campo de control de longitud fija |
250729s2025 mx ado|fs|||| 001 0 spa d |
| 040 ## - FUENTE DE LA CATALOGACIÓN |
| Centro catalogador/agencia de origen |
mxchpua |
| 090 ## - LOCALMENTE ASIGNADO TIPO-LC NÚMERO DE CLASIFICACIÓN (OCLC); NÚMERO DE CLASIFICACIÓN LOCAL (RLIN) |
| Número de clasificación (OCLC) (R) ; Numero de clasificación, CALL (RLIN) (NR) |
T.C.971 |
| Número cutter local (OCLC) ; Número de libro/Signatura topográfica íntegra, CALL (RLIN) |
R36 IAI |
| Año |
2025 |
| 245 1# - MENCIÓN DE TÍTULO |
| Título |
Foro de resultados Interrelación Agricultura-Industria región: |
| Resto del título |
Península de Yucatán / |
| Mención de responsabilidad, etc. |
coordinador José Orlando Ramayo Ramírez...[y otros] |
| 260 ## - PUBLICACIÓN, DISTRIBUCIÓN, ETC. |
| Lugar de publicación, distribución, etc. |
Chapingo, México : |
| Nombre del editor, distribuidor, etc. |
El autor, |
| Fecha de publicación, distribución, etc. |
2025 |
| 300 ## - DESCRIPCIÓN FÍSICA |
| Extensión |
1 recurso en línea (16 páginas) : |
| Otras características físicas |
ilustraciones, tablas, gráficas, fotografias |
| 336 ## - TIPO DE CONTENIDO |
| Fuente |
rdacontent |
| Término de tipo de contenido |
Texto |
| Código de tipo de contenido |
txt |
| 337 ## - TIPO DE MEDIO |
| Fuente |
rdamedia |
| Nombre/término del tipo de medio |
computadora |
| Código del tipo de medio |
c |
| 338 ## - TIPO DE SOPORTE |
| Fuente |
rdacarrier |
| Nombre/término del tipo de soporte |
recurso en línea |
| Código del tipo de soporte |
cr |
| 500 ## - NOTA GENERAL |
| Nota general |
Grado: 5°año |
| 502 ## - NOTA DE TESIS |
| Nota de tesis |
Viaje de Estudios |
| Tipo de título |
(IAI) -- |
| Nombre de la institución que otorga el título |
UACh. Departamento de Ingeniería Agroindustrial, |
| Año de obtención del título |
2025 |
| 650 13 - PUNTO DE ACCESO ADICIONAL DE MATERIA--TÉRMINO DE MATERIA |
| Término de materia o nombre geográfico como elemento de entrada |
Industria de las hortalizas |
| 9 (RLIN) |
162474 |
| Subdivisión geográfica |
México |
| 650 13 - PUNTO DE ACCESO ADICIONAL DE MATERIA--TÉRMINO DE MATERIA |
| Término de materia o nombre geográfico como elemento de entrada |
Frutos |
| Subdivisión general |
Industria y comercio |
| Subdivisión geográfica |
México |
| 9 (RLIN) |
153646 |
| 650 13 - PUNTO DE ACCESO ADICIONAL DE MATERIA--TÉRMINO DE MATERIA |
| Término de materia o nombre geográfico como elemento de entrada |
Industria del ganado y de la carne |
| Subdivisión geográfica |
México |
| 9 (RLIN) |
147829 |
| 650 13 - PUNTO DE ACCESO ADICIONAL DE MATERIA--TÉRMINO DE MATERIA |
| Término de materia o nombre geográfico como elemento de entrada |
Miel y productos fabricados por abejas |
| Subdivisión general |
Industria y comercio |
| Subdivisión geográfica |
México |
| 9 (RLIN) |
162813 |
| 650 13 - PUNTO DE ACCESO ADICIONAL DE MATERIA--TÉRMINO DE MATERIA |
| Término de materia o nombre geográfico como elemento de entrada |
Vegetable industry |
| 9 (RLIN) |
162475 |
| Subdivisión geográfica |
Mexico |
| 650 13 - PUNTO DE ACCESO ADICIONAL DE MATERIA--TÉRMINO DE MATERIA |
| Término de materia o nombre geográfico como elemento de entrada |
Fruits |
| Subdivisión general |
Industry and trade |
| Subdivisión geográfica |
Mexico |
| 9 (RLIN) |
153645 |
| 650 13 - PUNTO DE ACCESO ADICIONAL DE MATERIA--TÉRMINO DE MATERIA |
| Término de materia o nombre geográfico como elemento de entrada |
Livestock and meat industry |
| Subdivisión geográfica |
Mexico |
| 9 (RLIN) |
147830 |
| 650 13 - PUNTO DE ACCESO ADICIONAL DE MATERIA--TÉRMINO DE MATERIA |
| Término de materia o nombre geográfico como elemento de entrada |
Honey and bee products |
| Subdivisión general |
Industry and trade |
| Subdivisión geográfica |
Mexico |
| 9 (RLIN) |
162812 |
| 700 1# - PUNTO DE ACCESO ADICIONAL--NOMBRE DE PERSONA |
| Nombre de persona |
Ramayo Ramírez, José Orlando |
| 9 (RLIN) |
161734 |
| Término indicativo de función/relación |
coordinador |
| 856 41 - LOCALIZACIÓN Y ACCESO ELECTRÓNICOS |
| Texto de enlace |
DESCARGAR REPORTE |
| Identificador Uniforme del Recurso |
<a href="http://10.13.5.2/ve/TC971_IAI/TC971_IAI_2025-REPORTE.pdf">http://10.13.5.2/ve/TC971_IAI/TC971_IAI_2025-REPORTE.pdf</a> |